000 00667nam a2200205Ii 4500
003 JO-AjNU
008 230605s9999||||xx |||||||||||||| ||und||
040 _aJO-AjNU
_bara
_erda
_cJO-AjNU
041 _aara
050 1 4 _aZ699.M8388 1989
100 3 _aالهادي، محمد محمد ,
_eauthor
_97302
245 0 0 _aتكنولوجيا المعلومات وتطبيقاتها
250 _aط1
264 3 1 _aبيروت :دار الشروق ،1989
300 _a386ص
336 _atext
_btxt
_2rdacontent
337 _aunmediated
_bn
_2rdamedia
338 _avolume
_bnc
_2rdacarrier
650 4 _aتكنولوجيا المعلومات-علم معلومات
_97303
999 _aA211
_c3779
_d3779